<?xml version="1.0" encoding="UTF-8"?>
<collection xmlns="http://www.loc.gov/MARC21/slim">
<record>
  <controlfield tag="001">107796</controlfield>
  <controlfield tag="005">20211026193410.0</controlfield>
  <datafield tag="024" ind1="7" ind2=" ">
    <subfield code="2">doi</subfield>
    <subfield code="a">10.26754/CINAIC.2021.0096</subfield>
  </datafield>
  <datafield tag="037" ind1=" " ind2=" ">
    <subfield code="a">COMPON-2021-CINAIC-0096</subfield>
  </datafield>
  <datafield tag="041" ind1=" " ind2=" ">
    <subfield code="a"></subfield>
  </datafield>
  <datafield tag="100" ind1=" " ind2=" ">
    <subfield code="a">Samson, Richard</subfield>
    <subfield code="u">Universidad de Vic – Universidad Central de Cataluña, España</subfield>
  </datafield>
  <datafield tag="245" ind1=" " ind2=" ">
    <subfield code="a">Evaluación de la calidad de las aulas Moodle en la Universidad de Vic - Universidad Central de Cataluña</subfield>
  </datafield>
  <datafield tag="260" ind1=" " ind2=" ">
    <subfield code="a">Zaragoza</subfield>
    <subfield code="b">Universidad de Zaragoza, Servicio de Publicaciones</subfield>
    <subfield code="c">2021</subfield>
  </datafield>
  <datafield tag="300" ind1=" " ind2=" ">
    <subfield code="e">5</subfield>
  </datafield>
  <datafield tag="520" ind1="3" ind2=" ">
    <subfield code="a">El uso de las TIC en la docencia es buen aliado para una adecuada calidad docente. En el entorno universitario, el profesor goza de cierto grado de libertad para decidir su aplicación. Desde las instituciones se establecen estrategias para potenciar y optimizar este uso. La Unidad de Docencia Universitaria y Tecnología Educativa (UDUTE) y el Vicerrectorado de Ordenación Académica de la Universidad de Vic – Universidad Central de Cataluña (UVic-UCC) han diseñado una herramienta de autoevaluación de la calidad de las aulas virtuales (Autobaremo de las aulas Moodle), que, a la vez de formativa, permite obtener datos para establecer nuevos retos. En esta comunicación se muestran los primeros resultados recogidos de las aulas del curso 2020-2021, se analizan y se obtienen conclusiones que, juntamente con otras acciones, nos permiten mejorar en la docencia.</subfield>
  </datafield>
  <datafield tag="506" ind1=" " ind2=" ">
    <subfield code="a">Access copy available to the general public</subfield>
    <subfield code="f">Unrestricted</subfield>
  </datafield>
  <datafield tag="540" ind1=" " ind2=" ">
    <subfield code="9">info:eu-repo/semantics/openAccess</subfield>
    <subfield code="a">by-nc-nd</subfield>
    <subfield code="u">http://creativecommons.org/licenses/by-nc-nd/3.0/es/</subfield>
  </datafield>
  <datafield tag="653" ind1="1" ind2=" ">
    <subfield code="a">Moodle</subfield>
  </datafield>
  <datafield tag="653" ind1="1" ind2=" ">
    <subfield code="a">calidad aula virtual</subfield>
  </datafield>
  <datafield tag="653" ind1="1" ind2=" ">
    <subfield code="a">mejora docente  </subfield>
  </datafield>
  <datafield tag="653" ind1="1" ind2=" ">
    <subfield code="a">Moodle</subfield>
  </datafield>
  <datafield tag="653" ind1="1" ind2=" ">
    <subfield code="a">course quality</subfield>
  </datafield>
  <datafield tag="653" ind1="1" ind2=" ">
    <subfield code="a">teaching improvements  </subfield>
  </datafield>
  <datafield tag="655" ind1=" " ind2="4">
    <subfield code="a">Comunicación</subfield>
  </datafield>
  <datafield tag="700" ind1=" " ind2=" ">
    <subfield code="a">Molina Vicente, Elena</subfield>
    <subfield code="u">Universidad de Vic – Universidad Central de Cataluña, España</subfield>
  </datafield>
  <datafield tag="700" ind1=" " ind2=" ">
    <subfield code="a">Massana Molera, Eulàlia</subfield>
    <subfield code="u">Universidad de Vic – Universidad Central de Cataluña, España</subfield>
  </datafield>
  <datafield tag="700" ind1=" " ind2=" ">
    <subfield code="a">Ballús Pujol, Anna</subfield>
    <subfield code="u">Universidad de Vic – Universidad Central de Cataluña, España</subfield>
  </datafield>
  <datafield tag="773" ind1=" " ind2=" ">
    <subfield code="d">Zaragoza</subfield>
    <subfield code="g">Actas del VI Congreso Internacional sobre aprendizaje, innovación y cooperación, CINAIC 2021</subfield>
  </datafield>
  <datafield tag="856" ind1="4" ind2=" ">
    <subfield code="s">886687</subfield>
    <subfield code="u">http://zaguan.unizar.es/record/107796/files/096.pdf</subfield>
  </datafield>
  <datafield tag="909" ind1="C" ind2="O">
    <subfield code="o">oai:zaguan.unizar.es:107796</subfield>
    <subfield code="p">comunicaciones-ponencias</subfield>
  </datafield>
  <datafield tag="970" ind1=" " ind2=" ">
    <subfield code="a">COMPON-2021-CINAIC-0096</subfield>
  </datafield>
  <datafield tag="980" ind1=" " ind2=" ">
    <subfield code="a">COMPON</subfield>
  </datafield>
</record>
</collection>